Statistics for Country Names Containing Both G and Y

Click here to take the quiz!

General Stats

  • This quiz has been taken 75 times
  • The average score is 5 of 7

Answer Stats

Answer % Correct
Guyana
85%
Germany
84%
Paraguay
84%
Uruguay
82%
Hungary
72%
Kyrgyzstan
56%
Egypt
48%

Score Distribution

Percentile by Number Answered

Percent of People with Each Score

Your Score History

You have not taken this quiz